LEADER 06186nam a2200841 u 4500 001 000000016922 003 CaOOAMICUS 005 20141121123945.0 008 950606m19491963fr u000 u fre u 035 $a10396480 040 $aEFR$bita$dPUL(R)$dBSR$dReb 041 1 $afre$alat 082 04$a870 100 0 $aHieronymus,$cs.,$d342/347-419.$0(OLS)http://pul/name/3875 245 10$aLettres /$cSaint Jérôme ; texte établi et traduit par Jérôme Labourt. 260 $aParis :$bLes Belles Lettres,$c1949-1963. 300 $a8 v. ;$c21 cm 490 1 $aCollection des universités de France 500 $aTesto latino e trad. francese a fronte con la stessa numerazione di pagina. 700 1 $aLabourt, Jérôme,$csac.,$dn. 1874.$0(OLS)http://pul/name/9164 700 0 $aHieronymus,$cs.,$d342/347-419.$tEpistolae.$0(OLS)http://pul/nameTitle/1836$0(OLS)http://pul/name/3875$0(OLS)http://pul/title/7010 830 0$aCollection des universités de France.$0(OLS)http://pul/title/1172 850 $aPUL 852 $aPUL$W1$xDP2 Religione 1$y63$m17 H 12$j23832$nBK-PRI$av. 8 ; seconda copia$qStampati$B23839$CPULBib$Z2$F23839 $H38307 $82 852 $aPUL$W1$xDP1 Fondo Cecchetti$y53$m267 C 7-9$j23848$nBK-PRI$b $qFondi$B23848$CPULBib$Z2$F23848 $HPUL1812; PUL1813; PUL1814 $81 852 $aPUL$W1$xDP1 Fondo Cecchetti$y53$m267 C 7-9$j23848$nBK-PRI$b $qFondi$B23849$CPULBib$Z2$F23849 $HPUL1812; PUL1813; PUL1814 $81 852 $aPUL$W1$xDP1 Fondo Cecchetti$y53$m267 C 7-9$j23848$nBK-PRI$b $qFondi$B23850$CPULBib$Z2$F23850 $HPUL1812; PUL1813; PUL1814 $81 852 $aPUL$W1$xDP1 Fondo Cecchetti$y53$m267 C 7-9$j23848$nBK-PRI$b $qFondi$B23851$CPULBib$Z2$F23851 $HPUL1812; PUL1813; PUL1814 $81 852 $aPUL$W1$xDP1 Fondo Cecchetti$y53$m267 C 7-9$j23848$nBK-PRI$b $qFondi$B23852$CPULBib$Z2$F23852 $HPUL1812; PUL1813; PUL1814 $81 852 $aPUL$W1$xDP1 Fondo Cecchetti$y53$m267 C 7-9$j23848$nBK-PRI$b $qFondi$B23853$CPULBib$Z2$F23853 $HPUL1812; PUL1813; PUL1814 $81 852 $aPUL$W1$xDP1 Fondo Cecchetti$y53$m267 C 7-9$j23848$nBK-PRI$b $qFondi$B23854$CPULBib$Z2$F23854 $HPUL1812; PUL1813; PUL1814 $81 852 $aPUL$W1$xDP1 Fondo Cecchetti$y53$m267 C 7-9$j23848$nBK-PRI$b $qFondi$B23855$CPULBib$Z2$F23855 $HPUL1812; PUL1813; PUL1814 $81 852 $aPUL$W1$xSL Cons. Gen., Altre Classi 3$y75$m870 COLL 2.HIE.1.1$j141295$nBK-PRI$av. 1$qDDC 21$B23840$CPULBib$Z2$F23840 $H80048 $82 852 $aPUL$W1$xSL Cons. Gen., Altre Classi 3$y75$m870 COLL 2.HIE.1.2$j141296$nBK-PRI$av. 2$qDDC 21$B23841$CPULBib$Z2$F23841 $H80049 $82 852 $aPUL$W1$xSL Cons. Gen., Altre Classi 3$y75$m870 COLL 2.HIE.1.3$j141297$nBK-PRI$av. 3$qDDC 21$B23842$CPULBib$Z2$F23842 $H80050 $82 852 $aPUL$W1$xSL Cons. Gen., Altre Classi 3$y75$m870 COLL 2.HIE.1.4$j141298$nBK-PRI$av. 4 $qDDC 21$B23843$CPULBib$Z2$F23843 $H80051 $82 852 $aPUL$W1$xSL Cons. Gen., Altre Classi 3$y75$m870 COLL 2.HIE.1.5$j141299$nBK-PRI$av. 5$qDDC 21$B23844$CPULBib$Z2$F23844 $H80052 $82 852 $aPUL$W1$xSL Cons. Gen., Altre Classi 3$y75$m870 COLL 2.HIE.1.6$j141300$nBK-PRI$av. 6$qDDC 21$B23845$CPULBib$Z2$F23845 $H80053 $82 852 $aPUL$W1$xSL Cons. Gen., Altre Classi 3$y75$m870 COLL 2.HIE.1.7$j141301$nBK-PRI$av. 7$qDDC 21$B23846$CPULBib$Z2$F23846 $H80054 $82 852 $aPUL$W1$xSL Cons. Gen., Altre Classi 3$y75$m870 COLL 2.HIE.1.8$j141302$nBK-PRI$av. 8$qDDC 21$B23847$CPULBib$Z2$F23847 $H80055 $82 852 $aPUL$W1$xDP2 Religione 1$y63$m17 H 5$j162403$nBK-PRI$av. 1. ; seconda copia$qStampati$B23832$CPULBib$Z2$F23832 $H49 $82 852 $aPUL$W1$xDP2 Religione 1$y63$m17 H 6$j162404$nBK-PRI$av. 2 ; seconda copia$qStampati$B23833$CPULBib$Z2$F23833 $H50 $82 852 $aPUL$W1$xDP2 Religione 1$y63$m17 H 7$j162405$nBK-PRI$av. 3 ; seconda copia $qStampati$B23834$CPULBib$Z2$F23834 $H51 $82 852 $aPUL$W1$xDP2 Religione 1$y63$m17 H 8$j162406$nBK-PRI$av. 4 ; seconda copia$qStampati$B23835$CPULBib$Z2$F23835 $H52 $82 852 $aPUL$W1$xDP2 Religione 1$y63$m17 H 9$j162407$nBK-PRI$av. 5 ; seconda copia$qStampati$B23836$CPULBib$Z2$F23836 $H53 $82 852 $aPUL$W1$xDP2 Religione 1$y63$m17 H 10$j162408$nBK-PRI$bv. 6 ; seconda copia$qStampati$B23837$CPULBib$Z2$F23837 $H54 $82 852 $aPUL$W1$xDP2 Religione 1$y63$m17 H 11$j162409$nBK-PRI$av. 7 ; seconda copia$qStampati$B23838$CPULBib$Z2$F23838 $H55 $82 900 $aGirolamo,$cs.$d 342/347-419$93875 900 $aHieronymus, Sophronius Eusebius,$d342/347-419$93875 900 $aGirolamo,$cs.$d 342/347-419$93875 900 $aHieronymus, Sophronius Eusebius,$d342/347-419$93875 941 1 $a1 941 1 $a8 941 1 $a9 961 $aTimbro: Fondo Mons. Cecchetti. 961 $aTimbro: Fondo Mons. Cecchetti. 961 $aTimbro: Fondo Mons. Cecchetti. 961 $aTimbro: Fondo Mons. Cecchetti. 961 $aTimbro: Fondo Mons. Cecchetti. 961 $aTimbro: Fondo Mons. Cecchetti. 961 $aTimbro: Fondo Mons. Cecchetti. 961 $aTimbro: Fondo Mons. Cecchetti. 961 $aINV: v. 1, 4: 2e tirage. 961 $aINV: v. 1, 4: 2e tirage. 961 $aINV: v. 1, 4: 2e tirage. 961 $aINV: v. 1, 4: 2e tirage. 961 $aINV: v. 1, 4: 2e tirage. 961 $aINV: v. 1, 4: 2e tirage. 961 $aINV: v. 1, 4: 2e tirage. 961 $aINV: v. 1, 4: 2e tirage. 996 $6082$a870$9(OLS)http://pul/classification/727 996 $6245$aLettres$9(OLS)http://pul/title/1391 996 $6260$aParis :$bLes Belles Lettres$9(OLS)http://pul/publisher/48357 LEADER 00997nam a2200229 u 4500 001 000000023090 003 CaOOAMICUS 005 20070226111211.0 008 950518s1879 it b u000 u ita u 035 $a10579732 040 $aPUL(R)$bita$dEFR(R) 100 1 $aPinto, Giuseppe.$0(OLS)http://pul/name/19528 245 10$aStoria della medicina in Roma al tempo dei re e della Repubblica :$binvestigazioni e studi /$cGiuseppe Pinto. 260 $aRoma :$bArtero,$c1879. 300 $a434 p. :$bc. geogr. ;$c24 cm 504 $aBibliografia in nota. 650 4$aMedicina$xStoria.$0(OLS)http://pul/subject/14341 850 $aPUL 852 $aPUL$W1$xDP1 Antico 800$y27$m117 A 35$j32378$nBK-PRI$b $qStampati Antico$B32378$CPULBib$Z2$F32378 $H $81 941 1 $a15 996 $6245$aStoria della medicina in Roma al tempo dei re e della Repubblica :$binvestigazioni e studi$9(OLS)http://pul/title/32168 996 $6260$aRoma :$bArtero$9(OLS)http://pul/publisher/57862 LEADER 01502naa a2200277 u 4500 001 000000094227 003 CaOOAMICUS 005 20070226130137.0 008 010828s1993 fr u000 u fre u 035 $a10900334 040 $aPUL(R)$bita 100 1 $aHaquani, Zalmaï.$0(OLS)http://pul/name/60588 245 13$aLe Conseil de Sécurité et le règlement des conflits internes :$b(le casde l'Afghanistan et du Camboge) /$cZalmaï Haquani. 260 $a[S. l. :$bs. n.],$c1993. 300 $aP. [251-285] 504 $aBibliografia in nota. 610 24$aUnited Nations.$bSecurity Council.$0(OLS)http://pul/subject/23388 650 4$aDiritti umani.$0(OLS)http://pul/subject/3219 650 4$aDiritto internazionale$xGuerra.$0(OLS)http://pul/subject/23389 651 4$aAfghanistan$xStoria.$0(OLS)http://pul/subject/25257 651 4$aCambogia$xStoria.$0(OLS)http://pul/subject/30111 773 0 $aAcadémie de droit international.$tColloque = Workshop$g1992 773 0 $aAcadémie de droit international.$tLe dèveloppement du rôle du Conseil de Sécurité : Colloque, La Haye, 21-23 juillet 1992 = The development of the role of the Security Council : peace-keeping and peace building : Workshop, The Hague, 21-23 july 1992$w()61013 960 $aDiritti dell'uomo$93219 996 $6245$aLe Conseil de Sécurité et le règlement des conflits internes :$b(le casde l'Afghanistan et du Camboge)$9(OLS)http://pul/title/121091 996 $6260$a[S. l. :$bs. n.]$9(OLS)http://pul/publisher/47882 LEADER 01524nam a2200301 a 4500 001 000000156016 003 CaOOAMICUS 005 20161109110042.0 008 161109s1994 it u000 u eng r 032 $aLibriCat 040 $aPUL$bita 100 1 $aMijares, Emmanuel S.$0(OLS)http://pul/name/99430 245 10$aBuddhism and the religious thought of Kitaro Nishida as a development of his theory of pure experience /$cEmmanuel S. Mijares. 260 $aRoma :$bPontificia Università S. Tommaso d'Aquino,$c1994. 300 $a91 p. ;$c24 cm. 500 $aIn testa al front.: Pontificia Studiorum Universitas a S. Thoma Aq. in Urbe. 502 $aEstratto da tesi -- Pontificiam Universitatem S. Thomae de Urbe, Facultate Philosophiae, 1994. 504 $aBibliografia in nota. 600 14$aNishida, Kitaro,$d1870-1945.$0(OLS)http://pul/subject/43936 650 4$aBuddismo.$0(OLS)http://pul/subject/39882 710 2 $aPontificia Università S. Tommaso.$bFacoltà di filosofia.$kTesi.$0(OLS)http://pul/name/83008 850 $aPUL 852 $aPUL$W1$xDP1 Tesi Pon. Univ. S. Tommaso$y44$mTH S.THOM 957$j179190$qTesi$B182355$CPULBib$Z2$F182355 $H76297 $81 941 1 $a16 960 $aBuddhismo$939882 996 $6245$aBuddhism and the religious thought of Kitaro Nishida as a development of his theory of pure experience$9(OLS)http://pul/title/195660 996 $6260$aRoma :$bPontificia Università S. Tommaso d'Aquino$9(OLS)http://pul/publisher/74417 LEADER 01100nam a2200277 u 4500 001 000000085743 003 CaOOAMICUS 005 20070226124223.0 008 050906s2004 it u000 u ita u 020 $a88-13-25308-7 035 $a11059026 040 $aPUL$bita 100 1 $aLimena, Francesca.$0(OLS)http://pul/name/56227 245 12$aL'accesso al lavoro dei disabili /$cFrancesca Limena. 260 $aPadova :$bCEDAM,$c2004. 300 $aix, 318 p. ;$c21 cm 490 1 $aBiblioteca giuridica ;$v32 504 $aComprende bibliografia. 650 4$aHandicappati.$0(OLS)http://pul/subject/7402 830 0$aBiblioteca giuridica (Cedam) ;$v32.$0(OLS)http://pul/title/111210 850 $aPUL 852 $aPUL$W1$xSL Diritto e Scienze Sociali 3$y79$m331. 5 LIMFR 1$j108917$nBK-PRI$b $qDDC 21$B108917$CPULBib$Z2$F108917 $HPUL99232 $81 941 1 $a9 996 $6020$a88-13-25308-7$9(OLS)http://pul/number/113360 996 $6245$aL'accesso al lavoro dei disabili$9(OLS)http://pul/title/111209 996 $6260$aPadova :$bCEDAM$9(OLS)http://pul/publisher/48126 LEADER 02014nam a2200385 a 4500 001 000000127951 003 CaOOAMICUS 005 20150918145650.0 008 120313s2011 vc u000 u ita r 040 $aPUL$bita 041 1 $aita$hlat 082 04$a261.8 110 2 $aCongregazione per la dottrina della fede.$0(OLS)http://pul/name/3881 245 10$aRisposte a quesiti riguardanti alcuni aspetti circa la dottrina sulla Chiesa /$cCongregazione per la dottrina della fede ;prefazione di S. E. Mons. Luis F. Ladaria ; introduzione S. EM. cardinale William Levada ; articoli P. K.J. Becker S.I., Mons. F. Ocariz. 260 $aCittà del Vaticano :$bLibreria editrice vaticana,$c2011. 300 $a63 p.$c21 cm 490 1 $aDocumenti e studi ;$v25 546 $aTesto latino a fronte. 650 4$aDottrina sociale della Chiesa.$0(OLS)http://pul/subject/33229 700 1 $aLadaria Ferrer, Luis Francisco,$cS.I.,$d1944-$0(OLS)http://pul/name/9170 700 1 $aBecker, Karl Josef,$cS.I.$0(OLS)http://pul/name/13306 700 1 $aOcáriz, Fernando.$0(OLS)http://pul/name/39799 700 1 $aLevada, William,$ccard.$0(OLS)http://pul/name/77940 830 0$aDocumenti e studi (Libreria editrice vaticana) ;$v25.$0(OLS)http://pul/title/5461 850 $aPUL 852 $aPUL$W1$xSL Religione 3$y85$m261. 8 CPDDF 1$j148107$qDDC 21$B146699$CPULBib$Z2$F146699 $H118147 $82 852 $aPUL$W1$xDP1 Fondo S. Lanza$y121$m3 O 81$j168743$qFondi$B169378$CPULBib$Z2$F169378 $HLAN1572 $82 910 $aSant'Uffizio$93881 910 $aCongregatio pro doctrina fidei$93881 941 1 $a9 960 $aDottrina sociale cristiana$933229 996 $6082$a261.8$9(OLS)http://pul/classification/367 996 $6245$aRisposte a quesiti riguardanti alcuni aspetti circa la dottrina sulla Chiesa$9(OLS)http://pul/title/161696 996 $6260$aCittà del Vaticano :$bLibreria editrice vaticana$9(OLS)http://pul/publisher/47920 LEADER 01818nam a2200409 a 4500 001 000000137568 003 CaOOAMICUS 005 20140227121010.0 008 140227s2013 it af u000 u ita r 020 $a978-88-06-21130-1 040 $aPUL$bita 041 1 $aita$alat$hlat 082 04$a199.4 100 1 $aErasmus, Desiderius,$d1467-1536.$0(OLS)http://pul/name/1784 240 10$aAdagiorum collectanea.$lItaliano e latino.$0(OLS)http://pul/title/174177 245 10$aModi di dire =$bAdagiorum collectanea /$cErasmo da Rotterdam ; a cura di Carlo Carena. 260 $aTorino :$bGiulio Einaudi,$c©2013. 300 $aXLI, 644 p., [12] p. di tav. :$bill. ;$c22 cm 490 1 $aMillenni 500 $aInclude indici. 500 $aIn appendice: Venticinque adagi delle Chiliades (1536) corrispondenti ad altrettanti della Collectanea, dello stesso autore. 500 $aIn custodia. 504 $aBibliografia nelle note finali. 546 $aTesto latino a fronte. 600 14$aErasmus, Desiderius,$d1467-1536$xFilosofia.$0(OLS)http://pul/subject/2732 650 4$aFilosofia occidentale moderna.$0(OLS)http://pul/subject/37648 700 1 $aCarena, Carlo,$d1925-2023.$0(OLS)http://pul/name/8837 830 2$aI millenni.$0(OLS)http://pul/title/40827 850 $aPUL 852 $aPUL$W1$xSL Filosofia 3$y81$m199. 4 ERASM 1$j158585$qDDC 21$B158097$CPULBib$Z2$F158097 $H123359 $82 900 $aErasmo,$cda Rotterdam,$d1467-1536$91784 941 1 $a9 996 $6020$a978-88-06-21130-1$9(OLS)http://pul/number/154660 996 $6082$a199.4$9(OLS)http://pul/classification/2594 996 $6245$aModi di dire =$bAdagiorum collectanea$9(OLS)http://pul/title/174178 996 $6260$aTorino :$bGiulio Einaudi$9(OLS)http://pul/publisher/54573